00894cam a22002771 4500001001300000003000400013005001700017008004100034010001700075015001500092025001900107035001800126040003000144042001200174050002500186082001700211100004100228245011600269260004800385300002500433490003500458504003000493600003700523650003900560999001700599sa 67006803 DLC20260227112410.0740503s1967 ii b 000 0beng  asa 67006803  aGB67-15670 aPL480:I-E-8370 a(OCoLC)877773 aDLCcOClUdOCoLCdUkdDLC apremarc00aKNS110.I47bP36 1967 a340/.0924aB1 aPandey, B. N.q(Bishwa Nath),d1929-14aThe introduction of English law into India;bthe career of Elijah Impey in Bengal, 1774-1783c[by] B.N. Pandey. aBombay,aNew York,bAsia Pub. Housec[1967] axiii, 248 p.c22 cm.0 aAsia historical series,vno. 3 aBibliography: p. 235-242.10aImpey, Elijah,cSir,d1732-1809. 0aJustice, Administration ofzIndia. c76170d76170